000 00282nam a2200109Ia 4500
008 190216s9999||||xx |||||||||||||| ||und||
100 _aHarold Biermen & Seymour Smidt
245 0 _aCapital Budgeting Decision
260 _bMacmillan India Ltd
_c1971
300 _a463p
942 _cBK
999 _c4914
_d4914